Premier League players 2024/25 - Statistics

General Stats
  • This quiz has been taken 83 times
  • The average score is 206 of 562
Answer Stats
Rank Player Positions Nationality Matches Goals Assists Clubs % Correct
192 José Sá GK 29 0 0
96%
46 Bruno Fernandes MF, FW 36 8 10
91%
3 Bernd Leno GK 38 0 1
89%
6 David Raya GK 38 0 0
89%
67 Declan Rice MF 35 4 7
89%
27 Emiliano Martínez GK 37 0 0
89%
9 Jordan Pickford GK 38 0 1
89%
304 Lisandro Martínez DF, MF 20 2 1
89%
17 Mohamed Salah MF, FW 38 29 18
89%
377 Alex Palmer GK 13 0 0
87%
23 Cole Palmer MF, FW 37 15 8
87%
151 Erling Haaland FW 31 22 3
87%
43 Alejandro Garnacho MF, FW 36 6 2
85%
226 Amadou Onana MF 26 3 0
85%
84 André Onana GK 34 0 0
85%
7 Dean Henderson GK 38 0 0
85%
18 Moisés Caicedo DF, MF 38 1 2
85%
109 Bernardo Silva MF, FW 33 4 4
83%
65 Cody Gakpo MF, FW 35 10 4
83%
49 Enzo Fernández MF 36 6 7
83%
12 Leandro Trossard MF, FW 38 8 7
83%
57 Mateus Fernandes MF 36 2 4
83%
16 Milos Kerkez DF 38 2 5
83%
40 Virgil van Dijk DF 37 3 1
83%
83 Alexander Isak FW 34 23 6
81%
2 Anthony Elanga MF, FW 38 6 11
81%
4 Bruno Guimarães MF 38 5 6
81%
242 Bukayo Saka DF, MF, FW 25 6 10
81%
47 Chris Wood FW 36 20 3
81%
30 Joško Gvardiol DF 37 5 0
81%
158 Jota Silva MF, FW 31 3 1
81%
55 Luis Díaz FW 36 13 5
81%
209 Rico Lewis DF, MF 28 1 2
81%
81 William Saliba DF 35 2 0
81%
62 Alexis Mac Allister MF, FW 35 5 5
80%
1 Alex Iwobi MF, FW 38 9 6
80%
48 Dominik Szoboszlai MF, FW 36 6 6
80%
29 Jean-Philippe Mateta FW 37 14 2
80%
20 Ollie Watkins FW 38 16 8
80%
143 Rasmus Højlund FW 32 4 0
80%
37 Ryan Gravenberch MF 37 0 4
80%
60 Sandro Tonali MF 36 4 2
80%
108 Andrew Robertson DF, MF 33 0 1
78%
53 Kaoru Mitoma MF, FW 36 10 4
78%
176 Martin Ødegaard MF, FW 30 3 8
78%
13 Matz Sels GK 38 0 0
78%
526 Neto GK 2 0 0
78%
76 Pedro Neto MF, FW 35 4 6
78%
5 Bryan Mbeumo FW 38 20 7
76%
113 Gabriel Martinelli MF, FW 33 8 4
76%
69 Jamie Vardy FW 35 9 4
76%
56 Marc Cucurella DF, MF, FW 36 5 1
76%
78 Thomas Partey DF, MF 35 4 2
76%
126 Trent Alexander-Arnold DF 33 3 6
76%
170 Darwin Núñez FW 30 5 2
74%
133 Dejan Kulusevski MF, FW 32 7 4
74%
31 Liam Delap FW 37 12 2
74%
123 Matheus Cunha MF, FW 33 15 6
74%
178 Nicolas Jackson FW 30 10 5
74%
35 Noussair Mazraoui DF 37 0 1
74%
21 Raúl Jiménez FW 38 12 3
74%
144 Robert Sánchez GK 32 0 0
74%
85 Anthony Gordon MF, FW 34 6 5
72%
110 Brennan Johnson MF, FW 33 11 3
72%
24 Dan Burn DF 37 1 1
72%
8 Ismaila Sarr MF, FW 38 8 6
72%
138 Joshua Zirkzee MF, FW 32 3 1
72%
98 Marc Guéhi DF 34 3 2
72%
59 Pape Matar Sarr MF 36 3 2
72%
223 Rúben Dias DF 27 0 0
72%
61 Youri Tielemans MF, FW 36 3 7
72%
44 Antonee Robinson DF 36 0 10
70%
271 Ben Johnson DF, FW 23 1 2
70%
111 Curtis Jones DF, MF 33 3 3
70%
228 Diogo Jota MF, FW 26 6 3
70%
230 Ederson GK 26 0 4
70%
116 İlkay Gündoğan MF 33 1 6
70%
485 Jay Robinson MF, FW 4 0 0
70%
175 Jurriën Timber DF 30 1 3
70%
160 Mateo Kovačić MF 31 6 2
70%
36 Rayan Aït-Nouri DF, MF 37 4 7
70%
82 Yoane Wissa MF, FW 35 19 4
70%
42 Adama Traoré DF, MF, FW 36 2 7
69%
200 Alisson GK 28 0 0
69%
22 Antoine Semenyo MF, FW 37 11 5
69%
28 Idrissa Gana Gueye MF 37 0 3
69%
359 Kyle Walker DF, MF 15 0 0
69%
32 Mark Flekken GK 37 0 2
69%
141 Mohammed Kudus MF, FW 32 5 3
69%
33 Morgan Rogers MF, FW 37 8 10
69%
79 Tomáš Souček MF 35 9 1
69%
45 Bart Verbruggen GK 36 0 1
67%
533 Boubacar Traoré MF 1 0 0
67%
112 Diogo Dalot DF, FW 33 0 3
67%
154 Ibrahima Konaté DF 31 1 2
67%
50 Illia Zabarnyi DF 36 0 1
67%
276 Kai Havertz MF, FW 23 9 3
67%
205 Kevin De Bruyne MF, FW 28 4 7
67%
207 Nick Pope GK 28 0 0
67%
164 Sepp van den Berg DF 31 0 0
67%
95 Jarrod Bowen MF, FW 34 13 8
65%
191 Joelinton MF, FW 29 4 3
65%
58 Murillo DF 36 2 0
65%
74 Neco Williams DF 35 1 3
65%
124 Pedro Porro DF, MF 33 2 6
65%
208 Phil Foden MF, FW 28 7 2
65%
317 Reece James DF, MF 19 1 1
65%
504 Rodri MF 3 0 0
65%
346 Diego Gómez MF 16 1 0
63%
89 Eberechi Eze MF, FW 34 8 8
63%
337 Gabriel Jesus FW 17 3 0
63%
156 James Maddison MF, FW 31 9 7
63%
190 Jeremy Doku MF, FW 29 3 6
63%
427 Joe Gomez DF 9 0 0
63%
97 Justin Kluivert MF, FW 34 12 6
63%
249 Kieran Trippier DF, MF 25 0 3
63%
181 Son Heung-min MF, FW 30 7 9
63%
167 Aaron Ramsdale GK 30 0 0
61%
92 Fabian Schär DF 34 4 0
61%
52 João Gomes MF 36 3 1
61%
96 John McGinn MF, FW 34 1 4
61%
11 Kevin Schade MF, FW 38 11 2
61%
122 Lucas Paquetá MF, FW 33 4 0
61%
236 Manuel Akanji DF, MF 26 0 0
61%
195 Matthijs de Ligt DF 29 2 0
61%
206 Mikel Merino MF, FW 28 7 2
61%
99 Morgan Gibbs-White MF, FW 34 7 8
61%
255 Rodrigo Gomes DF, FW 25 2 0
61%
165 Toti Gomes DF 31 0 1
61%
103 Wout Faes DF 34 1 0
61%
321 Callum Wilson FW 18 0 0
59%
87 Christian Nørgaard MF 34 5 4
59%
245 Harry Wilson MF, FW 25 6 1
59%
118 Jefferson Lerma DF, MF 33 0 1
59%
222 Matty Cash DF 27 1 1
59%
34 Nikola Milenković DF 37 5 2
59%
335 Ben White DF, MF 17 0 2
57%
88 Daichi Kamada MF, FW 34 0 0
57%
25 Daniel Muñoz DF, MF 37 4 5
57%
132 Dean Huijsen DF 32 3 2
57%
216 Harry Maguire DF 27 1 0
57%
301 Jack Grealish MF, FW 20 1 1
57%
252 Marcus Rashford MF, FW 25 6 3
57%
15 Mikkel Damsgaard MF, FW 38 2 10
57%
241 Adam Smith DF, MF 25 0 0
56%
214 Dominic Solanke MF, FW 27 9 3
56%
203 Gabriel Magalhães DF 28 3 1
56%
114 Harvey Barnes MF, FW 33 9 4
56%
174 Joachim Andersen DF 30 0 0
56%
404 John Stones DF, MF 11 2 0
56%
71 Jørgen Strand Larsen FW 35 14 4
56%
72 Levi Colwill DF 35 2 1
56%
212 Yves Bissouma DF, MF 28 2 0
56%
224 Alphonse Areola GK 26 0 0
54%
225 Amad Diallo MF, FW 26 8 6
54%
273 Christian Eriksen MF, FW 23 1 2
54%
26 Elliot Anderson MF, FW 37 2 6
54%
91 Ezri Konsa DF 34 2 0
54%
261 Guglielmo Vicario GK 24 0 0
54%
495 Gustavo Nunes MF, FW 3 0 0
54%
115 Iliman Ndiaye MF, FW 33 9 0
54%
155 Jadon Sancho MF, FW 31 3 4
54%
220 Lucas Bergvall MF 27 0 1
54%
237 Matheus Nunes DF, MF 26 1 6
54%
19 Nathan Collins DF 38 2 3
54%
348 Omar Marmoush MF, FW 16 7 0
54%
239 Rodrigo Bentancur MF 26 2 0
54%
80 Vitaliy Mykolenko DF 35 1 2
54%
307 Wataru Endo DF, MF 20 0 0
54%
41 Aaron Wan-Bissaka DF 36 2 5
52%
105 Abdoulaye Doucouré MF, FW 33 3 2
52%
168 Beto FW 30 8 0
52%
259 Casemiro MF 24 1 0
52%
379 Cheick Doucouré MF 13 0 0
52%
94 Jan Paul van Hecke DF 34 1 1
52%
157 Jordan Ayew MF, FW 31 5 0
52%
119 Konstantinos Mavropanos DF 33 0 0
52%
277 Myles Lewis-Skelly DF 23 1 0
52%
146 Yankuba Minteh MF, FW 32 6 4
52%
107 Andreas Pereira MF, FW 33 2 4
50%
86 Carlos Baleba MF 34 3 1
50%
243 Destiny Udogie DF 25 0 1
50%
152 Evanilson FW 31 10 1
50%
324 Harvey Elliott MF, FW 18 1 2
50%
171 Jan Bednarek DF 30 2 0
50%
218 João Pedro MF, FW 27 10 6
50%
295 Joël Veltman DF 21 0 0
50%
140 Malo Gusto DF 32 0 1
50%
420 Nathan Aké DF, MF 10 0 0
50%
142 Noni Madueke MF, FW 32 7 3
50%
423 Ricardo Pereira DF, FW 10 0 0
50%
39 Valentino Livramento DF 37 0 1
50%
378 Axel Disasi DF 13 1 0
48%
63 Calvin Bassey DF 35 1 0
48%
323 Cristian Romero DF 18 1 0
48%
229 Dominic Calvert-Lewin FW 26 3 1
48%
117 James Tarkowski DF 33 1 1
48%
219 Lewis Hall DF 27 0 4
48%
75 Ola Aina DF 35 2 1
48%
179 Pervis Estupiñán DF 30 1 1
48%
411 Caoimhín Kelleher GK 10 0 0
46%
512 Danny Ward GK 2 0 0
46%
68 Jacob Murphy DF, MF, FW 35 8 12
46%
520 Joel Ward DF, MF 2 0 0
46%
14 Max Kilman DF 38 0 1
46%
372 Michael Keane DF 14 3 0
46%
387 Micky van de Ven DF 13 0 2
46%
318 Riccardo Calafiori DF 19 2 1
46%
287 Vladimír Coufal DF 22 0 0
46%
202 Edson Álvarez DF, MF 28 0 1
44%
139 Lucas Digne DF, MF 32 0 4
44%
163 Sander Berge MF 31 0 0
44%
258 Trevoh Chalobah DF, MF 25 3 1
44%
374 Tyrone Mings DF 14 0 0
44%
299 Adam Wharton MF 20 0 2
43%
334 Ben Davies DF, MF 17 0 0
43%
148 Callum Hudson-Odoi DF, MF, FW 31 5 2
43%
213 Christopher Nkunku MF, FW 27 3 2
43%
231 Ethan Nwaneri MF, FW 26 4 2
43%
189 Jacob Ramsey MF, FW 29 1 3
43%
51 James Justin DF, MF 36 2 2
43%
159 Kepa Arrizabalaga GK 31 0 0
43%
373 Michail Antonio MF, FW 14 1 1
43%
343 Raheem Sterling MF, FW 17 0 2
43%
363 Richarlison MF, FW 15 4 1
43%
198 Sávio MF, FW 29 1 8
43%
210 Tyler Adams DF, MF 28 0 3
43%
375 Wesley Fofana DF 14 0 0
43%
260 Chris Richards DF, MF 24 1 0
41%
131 Dango Ouattara DF, MF, FW 32 7 4
41%
262 James Ward-Prowse DF, MF 24 1 2
41%
10 Keane Lewis-Potter DF, MF, FW 38 1 3
41%
250 Kobbie Mainoo MF 25 0 0
41%
121 Leif Davis DF 33 1 2
41%
342 Mason Mount MF, FW 17 1 0
41%
265 Mathias Jensen MF 24 0 2
41%
73 Maxence Lacroix DF 35 1 1
41%
361 Oleksandr Zinchenko DF, MF 15 0 1
41%
38 Tyrick Mitchell DF, MF 37 0 5
41%
145 Vitaly Janelt DF, MF 32 1 3
41%
466 Benoît Badiashile DF 5 0 0
39%
169 Danny Welbeck MF, FW 30 10 4
39%
186 Eddie Nketiah MF, FW 29 3 1
39%
90 Emile Smith Rowe MF, FW 34 6 3
39%
338 Jakub Kiwior DF, MF 17 1 0
39%
325 Jannik Vestergaard DF 18 0 0
39%
327 Kostas Tsimikas DF 18 0 1
39%
54 Lewis Cook DF, MF, FW 36 1 3
39%
452 Mykhailo Mudryk MF, FW 7 0 0
39%
162 Rodrigo Muniz FW 31 8 1
39%
240 Taiwo Awoniyi MF, FW 26 1 0
39%
128 Will Hughes MF 33 0 3
39%
431 Ben Chilwell DF, MF 8 1 0
37%
227 Boubacar Kamara DF, MF 26 1 0
37%
188 Ian Maatsen DF, MF, FW 29 1 2
37%
484 James Milner DF, MF 4 0 0
37%
172 Jarrad Branthwaite DF 30 0 1
37%
296 Leny Yoro DF 21 0 0
37%
264 Leon Bailey DF, MF, FW 24 1 2
37%
251 Lewis Dunk DF 25 0 0
37%
369 Łukasz Fabiański GK 14 0 0
37%
418 Martin Dúbravka GK 10 0 0
37%
440 Sven Botman DF 8 0 0
37%
211 Wilfred Ndidi DF, MF 28 0 5
37%
106 André MF 33 0 0
35%
130 Bilal El Khannouss MF, FW 32 2 3
35%
309 Conor Bradley DF 19 0 2
35%
150 Emerson Palmieri DF, MF 31 2 1
35%
153 Facundo Buonanotte MF, FW 31 5 2
35%
451 Luke Shaw DF, MF 7 0 0
35%
177 Matt Doherty DF, MF 30 2 1
35%
100 Nélson Semedo DF, MF 34 0 4
35%
279 Patson Daka MF, FW 23 1 0
35%
269 Timothy Castagne DF 24 0 1
35%
456 Abdukodir Khusanov DF 6 0 0
33%
298 Adam Armstrong MF, FW 20 2 2
33%
149 Carlos Soler MF, FW 31 1 1
33%
244 Djed Spence DF 25 1 2
33%
289 Dwight McNeil MF, FW 21 4 6
33%
204 Georginio Rutter MF, FW 28 5 3
33%
274 Guido Rodríguez MF 23 0 1
33%
496 Harrison Armstrong MF 3 0 0
33%
482 Jake Evans FW 4 0 0
33%
70 Jean-Ricner Bellegarde MF, FW 35 2 7
33%
450 Jonny Evans DF 7 0 0
33%
358 Jorginho MF 15 0 0
33%
498 Julio Soler DF, FW 3 0 0
33%
221 Mads Hermansen GK 27 0 0
33%
161 Omari Hutchinson MF, FW 31 3 2
33%
267 Pau Torres DF 24 0 0
33%
389 Stefan Ortega GK 13 0 0
33%
425 Willian MF, FW 10 0 0
33%
104 Yasin Ayari MF 34 2 1
33%
185 David Brooks MF, FW 29 2 0
31%
367 Donyell Malen MF, FW 14 3 0
31%
459 Federico Chiesa DF, MF, FW 6 0 0
31%
137 Joe Willock MF, FW 32 0 2
31%
248 Julio Enciso MF, FW 25 2 3
31%
263 Kristoffer Ajer DF 24 0 0
31%
120 Kyle Walker-Peters DF 33 0 2
31%
194 Marcus Tavernier MF, FW 29 3 5
31%
329 Niclas Füllkrug FW 18 3 2
31%
101 Nicolás Domínguez MF, FW 34 0 1
31%
502 Oscar Bobb MF, FW 3 0 0
31%
399 Patrick Dorgu DF, MF, FW 12 0 0
31%
350 Roméo Lavia MF 16 0 1
31%
196 Ryan Christie MF, FW 29 2 3
31%
197 Santiago Bueno DF 29 0 0
31%
180 Saša Lukić MF 30 0 2
31%
473 Séamus Coleman DF, MF 5 0 0
31%
199 Simon Adingra MF, FW 29 2 2
31%
331 Timo Werner MF, FW 18 0 3
31%
352 Victor Lindelöf DF 16 0 0
31%
430 Antony MF, FW 8 0 0
30%
201 Archie Gray DF, MF 28 0 0
30%
66 Dara O'Shea DF 35 0 2
30%
290 Evan Ferguson FW 21 1 0
30%
93 Jack Harrison MF, FW 34 1 0
30%
384 Kiernan Dewsbury-Hall MF, FW 13 0 1
30%
472 Rico Henry DF 5 0 0
30%
125 Sam Morsy MF 33 1 1
30%
127 Tyler Dibling MF, FW 33 2 0
30%
184 Yukinari Sugawara DF, MF, FW 30 1 1
30%
147 Boubakary Soumaré MF 31 0 0
28%
283 Ethan Pinnock DF 22 2 0
28%
461 Filip Jørgensen GK 6 0 0
28%
382 Jarell Quansah DF 13 0 0
28%
247 Jesper Lindstrøm MF, FW 25 0 1
28%
285 Kenny Tete DF, MF 22 0 2
28%
77 Ryan Yates MF 35 2 1
28%
256 Sean Longstaff MF 25 0 0
28%
102 Taylor Harwood-Bellis DF 34 1 0
28%
505 Tyrell Malacia DF 3 0 0
28%
319 Aaron Cresswell DF, MF 18 0 0
26%
129 Ashley Young DF, FW 32 1 3
26%
392 Harrison Reed MF 12 0 0
26%
357 James Mcatee MF, FW 15 3 0
26%
217 Jean-Clair Todibo DF 27 0 0
26%
313 Kalvin Phillips MF 19 0 0
26%
234 Kamaldeen Sulemana MF, FW 26 1 1
26%
385 Marco Asensio MF, FW 13 3 1
26%
407 Nicolás González MF 11 1 0
26%
439 Solly March DF, MF, FW 8 0 0
26%
557 Takehiro Tomiyasu DF 1 0 0
26%
257 Tom Cairney MF, FW 25 2 0
26%
365 Adam Lallana MF, FW 14 0 2
24%
465 Alex McCarthy GK 5 0 0
24%
300 Alex Scott MF 20 0 0
24%
292 Issa Diop DF 21 0 0
24%
302 Jáder Durán MF, FW 20 7 0
24%
294 James Garner DF, MF 21 0 1
24%
136 Joe Aribo DF, MF, FW 32 3 0
24%
341 Mario Lemina DF, MF 17 1 3
24%
429 Nico O’Reilly DF 9 2 0
24%
254 Paul Onuachu FW 25 4 1
24%
286 Tosin Adarabioyo DF 22 1 1
24%
390 Emi Buendía MF, FW 12 0 0
22%
187 Gonçalo Guedes MF, FW 29 2 4
22%
291 Hwang Hee-chan MF, FW 21 2 0
22%
303 Jake O'Brien DF 20 2 0
22%
394 João Félix MF, FW 12 1 1
22%
436 Joshua King MF 8 0 0
22%
383 Kieran Tierney DF, MF, FW 13 1 0
22%
266 Oliver Skipp DF, MF 24 0 0
22%
278 Pablo Sarabia MF, FW 23 3 2
22%
349 Radu Drăgușin DF 16 0 0
22%
364 Tariq Lamptey DF, MF, FW 15 2 2
22%
558 Tom King GK 1 0 0
22%
320 Arijanet Muric GK 18 0 0
20%
280 Axel Tuanzebe DF 22 0 1
20%
432 Charlie Taylor DF 8 0 0
20%
282 Conor Coady DF 22 1 0
20%
312 Jack Stephens DF 19 1 0
20%
135 Jack Taylor MF 32 1 0
20%
173 Jens Cajuste MF 30 1 1
20%
386 Mathys Tel MF, FW 13 2 1
20%
428 Miguel Almirón MF, FW 9 0 0
20%
182 Stephy Mavididi MF, FW 30 4 1
20%
310 Crysencio Summerville MF, FW 19 1 1
19%
391 Emil Krafth DF 12 0 0
19%
311 Fabio Carvalho MF, FW 19 2 1
19%
447 Fraser Forster GK 7 0 0
19%
284 Harry Winks MF 22 0 2
19%
370 Luke Thomas DF 14 0 0
19%
500 Marc Guiu MF, FW 3 0 0
19%
253 Mats Wieffer DF, MF 25 1 3
19%
400 Reiss Nelson MF, FW 12 1 1
19%
351 Ryan Sessegnon DF, MF, FW 16 4 2
19%
529 Scott McTominay MF, FW 2 0 0
19%
183 Victor Bernth Kristiansen DF 30 0 1
19%
560 Vitor Reis DF 1 0 0
19%
464 Willy Boly DF 6 0 0
19%
476 Altay Bayındır GK 4 0 0
17%
477 Armel Bella Kotchap DF 4 0 0
17%
444 Ben Mee DF 7 0 0
17%
272 Bobby De Cordova-Reid FW 23 1 2
17%
355 Craig Dawson DF 15 0 0
17%
356 Danny Ings FW 15 1 2
17%
380 Ibrahim Sangaré MF 13 0 1
17%
368 Lewis Miley MF 14 1 0
17%
340 Marcos Senesi DF 17 0 0
17%
353 Wilson Odobert MF, FW 16 1 0
17%
166 Yehor Yarmoliuk MF 31 0 0
17%
366 Adam Webster DF 14 0 0
15%
354 Álex Moreno DF, MF 15 0 1
15%
409 Armando Broja FW 10 0 0
15%
478 Ayden Heaven DF 4 0 0
15%
288 Brajan Gruda MF, FW 21 1 4
15%
493 Carlos Vinícius MF, FW 3 0 0
15%
336 Enes Ünal MF, FW 17 2 1
15%
381 Igor DF 13 0 0
15%
393 Jeffrey Schlupp DF, MF, FW 12 0 0
15%
395 Julian Araujo DF 12 0 0
15%
416 Kevin Danso DF 10 0 0
15%
235 Lesley Ugochukwu MF 26 1 1
15%
314 Mads Roerslev DF 19 0 2
15%
501 Max Aarons DF 3 0 0
15%
388 Nathaniel Clyne DF 13 0 0
15%
462 Odsonne Édouard MF, FW 6 0 0
15%
305 Ross Barkley MF, FW 20 3 1
15%
306 Sammie Szmodics MF, FW 20 4 0
15%
489 Sergio Reguilón DF, MF 4 0 0
15%
457 Antonín Kinský GK 6 0 0
13%
64 Cameron Archer MF, FW 35 2 0
13%
344 Carlos Alcaraz MF, FW 16 2 3
13%
511 Daniel Podence MF, FW 2 0 0
13%
433 Danilo MF, FW 8 0 0
13%
413 Diego Carlos DF 10 0 0
13%
215 Flynn Downes MF 27 1 0
13%
233 Jack Hinshelwood DF, MF 26 5 2
13%
246 Jacob Greaves DF 25 1 0
13%
417 Lloyd Kelly DF 10 0 1
13%
524 Matt Targett DF, MF 2 0 0
13%
315 Orel Mangala MF 19 1 0
13%
422 Philip Billing MF, FW 10 0 0
13%
316 Ramón Sosa MF, FW 19 1 0
13%
488 Robin Olsen GK 4 0 0
13%
270 Tommy Doyle MF 24 0 1
13%
442 Tyrique George FW 8 1 1
13%
376 William Osula FW 14 1 0
13%
443 Andrés García DF, MF 7 0 0
11%
410 Ben Brereton MF, FW 10 0 0
11%
308 Caleb Okoli DF 19 1 0
11%
232 George Hirst FW 26 3 1
11%
448 Harry Clarke DF 7 0 0
11%
134 Jack Clarke MF, FW 32 0 4
11%
275 Justin Devenny MF 23 1 1
11%
397 Luis Sinisterra MF, FW 12 1 1
11%
419 Mikey Moore MF, FW 10 0 1
11%
238 Morato DF 26 0 0
11%
559 Vitezslav Jaros GK 1 0 0
11%
534 Brandon Austin GK 1 0 0
9%
281 Conor Chaplin MF, FW 22 1 1
9%
518 Jason Steele GK 2 0 0
9%
544 Jeremy Sarmiento MF, FW 1 0 0
9%
486 Joshua Acheampong DF 4 0 0
9%
405 Massimo Luongo MF 11 0 0
9%
421 Nathan Patterson DF, MF 10 0 1
9%
438 Ryan Fraser DF, MF, FW 8 0 0
9%
455 Sam Johnstone GK 7 0 0
9%
441 Thiago MF, FW 8 0 0
9%
474 Yerson Mosquera DF 5 0 0
9%
535 Chadi Riad DF 1 0 0
7%
460 Ferdi Kadioglu DF, MF, FW 6 1 0
7%
435 Jorge Cuenca DF 8 0 0
7%
437 Lamare Bogarde DF, MF 8 0 0
7%
371 Marshall Munetsi DF, MF 14 2 1
7%
547 Mateus Mane MF 1 0 0
7%
297 Matt O'Riley MF 21 2 2
7%
398 Michael Kayode DF, FW 12 0 1
7%
328 Nathan Broadhead MF, FW 18 2 0
7%
268 Ryan Manning DF, MF 24 0 1
7%
332 Wes Burns DF, FW 18 0 1
7%
492 Ben Godfrey DF 3 0 0
6%
508 Billy Gilmour MF 2 0 0
6%
537 Claudio Echeverri FW 1 0 0
6%
458 Conor Townsend DF 6 0 1
6%
514 Eric da Silva Moreira DF, MF 2 0 0
6%
483 Jakub Moder DF, MF 4 0 0
6%
415 James Hill DF 10 0 1
6%
360 Luke Woolfenden DF 15 0 0
6%
193 Manuel Ugarte Ribeiro MF 29 1 2
6%
546 Mason Holgate DF 1 0 0
6%
453 Renato Veiga DF, MF 7 0 0
6%
454 Romain Esse MF 7 1 1
6%
330 Tim Iroegbunam MF 18 0 1
6%
333 William Smallbone MF, FW 18 1 0
6%
408 Andy Irving MF 10 0 0
4%
445 Chidozie Obi-Martin FW 7 0 0
4%
345 Daniel Jebbison FW 16 1 0
4%
347 Emmanuel Agbadou DF 16 1 0
4%
414 Jakub Stolarczyk GK 10 0 0
4%
339 James Bree DF 17 0 1
4%
497 Joe Lumley GK 3 0 0
4%
326 Kasey McAteer FW 18 1 1
4%
470 Mark Travers GK 5 0 0
4%
487 Matheus França MF, FW 4 1 0
4%
362 Oliver Scarles DF, FW 15 0 0
4%
554 Ronnie Edwards DF 1 0 0
4%
527 Samuel Amo-Ameyaw DF, MF, FW 2 0 0
4%
528 Samuel Edozie DF, MF, FW 2 0 0
4%
561 Will Alves FW 1 0 0
4%
491 Youssef Chermiti MF, FW 4 0 0
4%
403 Ali Al Hamadi FW 11 0 0
2%
479 Ben Winterburn MF, FW 4 0 0
2%
509 Caleb Kporha DF 2 0 0
2%
322 Cameron Burgess DF 18 0 2
2%
412 Carlos Forbs MF, FW 10 0 0
2%
467 Chiedozie Ogbene DF, MF, FW 5 0 0
2%
446 Christian Walton GK 7 0 0
2%
510 Daniel Bentley GK 2 0 0
2%
434 Edmond-Paris Maghoma MF, FW 8 0 0
2%
515 Frank Onyeka MF 2 0 0
2%
516 Hákon Rafn Valdimarsson GK 2 0 0
2%
480 Hamza Choudhury DF, MF #N/B 4 0 0
2%
468 Harry Amass DF 5 0 0
2%
481 Harry Toffolo DF 4 0 0
2%
293 Jaden Philogene Bidace DF, MF, FW 21 2 0
2%
542 Jayden Danns MF, FW 1 0 0
2%
543 Jayden Meghoma DF 1 0 0
2%
449 Jeremy Monga MF, FW 7 0 0
2%
499 Kim Jisoo DF 3 0 0
2%
469 Kosta Nedeljković DF 5 0 0
2%
521 Lewis Orford MF 2 0 0
2%
396 Luis Guilherme MF, FW 12 0 0
2%
523 Martial Godo DF, FW 2 0 0
2%
549 Michael Golding MF 1 0 0
2%
471 Nasser Djiga DF 5 0 0
2%
551 Olabade Aluko DF 1 0 0
2%
552 Remy Rees-Dottin FW 1 0 0
2%
553 Roman Dixon DF 1 0 0
2%
401 Ross Stewart FW 12 1 0
2%
555 Ryan Trevitt MF 1 0 0
2%
556 Shumaira Mheuka MF 1 0 0
2%
424 Welington DF 10 0 0
2%
562 Zain Silcott-Duberry FW 1 0 0
2%
402 Abdul Fatawu Issahaku FW 11 0 2
0%
475 Albert Grønbaek MF, FW 4 0 0
0%
531 Alfie Dorrington DF 1 0 0
0%
532 Alfie Pond DF 1 0 0
0%
507 Asher Agbinone MF 2 0 0
0%
536 Chiquinho DF, MF, FW 1 0 0
0%
494 Dane Scarlett MF, FW 3 0 1
0%
538 Divin Mubama FW 1 0 0
0%
513 Eiran Cashin DF 2 0 0
0%
539 George Edmundson DF 1 0 0
0%
540 Harry Howell FW 1 0 0
0%
517 Jahmai Simpson-Pusey DF 2 0 0
0%
541 Jay Stansfield MF, FW 1 0 0
0%
519 Joachim Kayi Sanda DF 2 0 0
0%
545 Kaelan Casey DF 1 0 0
0%
522 Marcus Harness MF 2 0 0
0%
548 Mathis Amougou MF 1 0 0
0%
525 Maxwel Cornet DF, MF, FW 2 0 0
0%
550 Nathan Butler-Oyedeji FW 1 0 0
0%
406 Nathan Wood-Gordon DF 11 0 0
0%
503 Pedro Lima DF 3 0 0
0%
463 Toby Collyer MF 6 0 0
0%
530 Tyler Fredricson DF 2 0 0
0%
506 Will Lankshear MF, FW 3 0 0
0%
490 Woyo Coulibaly DF 4 0 0
0%
426 Yunus Emre Konak MF, FW 10 0 0
0%
No matching quizzes found
Score Distribution
Percent of People with Each Score
Percentile by Number Answered
Your Score History
You have not taken this quiz